000 00504nam a2200145Ia 4500
008 100204s9999 xx 000 0 und d
082 _b17465
100 _aहांडे आनंद
245 _aसौंदर्य सम्राज्ञी
260 _b"सत्यजय प्रकाशन , मुंबई"
_c1994
300 _a167
630 _aसौंदर्य सम्राज्ञी
730 _aसौंदर्य सम्राज्ञी
942 _cBOOK
999 _c461888
_d461885